Manual de Fotografía de Langford: Guía para crear grandes imágenes.

Uloženo v:
Podrobná bibliografie
Hlavní autor: Langford, Michael (autor)
Další autoři: Andrews, Philip (autor), Rosés, Francesc (traductor)
Médium: Kniha
Vydáno: Barcelona, España: Omega, 2010.
Vydání:Sexta edición.
Témata:
Tagy: Přidat tag
Žádné tagy, Buďte první, kdo vytvoří štítek k tomuto záznamu!

MARC

LEADER 00000nam a22000007a 4500
003 CL-VaPUC
005 20250407202439.0
008 250310t2010 ||||| |||| 00| 0 eng d
999 |c 447190  |d 447188 
020 |a 978-84-282-1529-9 
040 |c Pontificia Universidad Católica de Valparaíso 
082 |a 771 LAN 2010 
100 |9 895699  |a Langford, Michael   |e autor 
245 |a Manual de Fotografía de Langford:  |b Guía para crear grandes imágenes. 
250 |a Sexta edición. 
260 |a Barcelona, España:  |b Omega,  |c 2010. 
300 |a x, 352 páginas:  |b ilustraciones, fotografías. 
500 |a c.1-c.3. Instituto Arcos.08-01-2025. 
583 |c 20250310  |k Gabriela Rodríguez Cuevas 
650 0 |9 895700  |a Fotografía   |x Técnicas   |v Manuales  
650 0 |9 268495  |a Fotografía  |x Equipos y accesorios 
700 |9 896502  |a Andrews, Philip  |e autor 
700 |9 896312  |a Rosés, Francesc  |e traductor 
942 |2 ddc  |c BK  |n 0 
952 |0 0  |1 0  |2 ddc  |4 0  |6 771_000000000000000_LAN_2010  |7 0  |8 A  |9 600840  |a BIBINC  |b BIBINC  |d 2025-03-10  |e Instituto Arcos  |i 5665706  |o 771 LAN 2010  |p 5665706  |r 2025-03-10  |t 1  |w 2025-03-10  |y BK  |k IFP 
952 |0 0  |1 0  |2 ddc  |4 0  |6 771_000000000000000_LAN_2010  |7 0  |8 A  |9 600841  |a BIBINC  |b BIBINC  |d 2025-03-10  |e Instituto Arcos  |i 5665707  |o 771 LAN 2010  |p 5665707  |r 2025-03-10  |t 2  |w 2025-03-10  |y BK  |k IFP 
952 |0 0  |1 0  |2 ddc  |4 0  |6 771_000000000000000_LAN_2010  |7 0  |8 A  |9 600842  |a BIBINC  |b BIBINC  |d 2025-03-10  |e Instituto Arcos  |i 5665708  |o 771 LAN 2010  |p 5665708  |r 2025-03-10  |t 3  |w 2025-03-10  |y BK  |k IFP